<?xml version="1.0" encoding="UTF-8"?>
<record
    xmlns:xsi="http://www.w3.org/2001/XMLSchema-instance"
    xsi:schemaLocation="http://www.loc.gov/MARC21/slim http://www.loc.gov/standards/marcxml/schema/MARC21slim.xsd"
    xmlns="http://www.loc.gov/MARC21/slim">

  <leader>01599nam a2200349 i 4500</leader>
  <controlfield tag="001">185206</controlfield>
  <controlfield tag="003">SpMaBN</controlfield>
  <controlfield tag="005">20251005063139.0</controlfield>
  <controlfield tag="008">160408s2003    sp           |||| |bspa d</controlfield>
  <datafield tag="080" ind1=" " ind2=" ">
    <subfield code="a">929 Churchill, Winston, Sir</subfield>
  </datafield>
  <datafield tag="080" ind1=" " ind2=" ">
    <subfield code="a">94(410)"19"</subfield>
  </datafield>
  <datafield tag="100" ind1="1" ind2=" ">
    <subfield code="a">Jenkins, Roy, </subfield>
    <subfield code="d">1920-2003</subfield>
    <subfield code="9">159336</subfield>
  </datafield>
  <datafield tag="245" ind1="1" ind2="0">
    <subfield code="a">Winston Churchill / </subfield>
    <subfield code="c">Roy Jenkins ; pr&#xF3;logo de Manuel Fraga Iribarne ; [traducci&#xF3;n, Carme Camps Monf&#xE0;].</subfield>
  </datafield>
  <datafield tag="250" ind1=" " ind2=" ">
    <subfield code="a">Ed. especial para este peri&#xF3;dico.</subfield>
  </datafield>
  <datafield tag="260" ind1=" " ind2=" ">
    <subfield code="a">[Barcelona] : </subfield>
    <subfield code="b">Folio, </subfield>
    <subfield code="c">[2003]</subfield>
  </datafield>
  <datafield tag="300" ind1=" " ind2=" ">
    <subfield code="a">2 v. (1132 p.) ; </subfield>
    <subfield code="c">21 cm.</subfield>
  </datafield>
  <datafield tag="490" ind1="1" ind2=" ">
    <subfield code="a">Biblioteca ABC. Protagonistas del s. XX ; </subfield>
    <subfield code="v">1, 3. Las biograf&#xED;as que construyeron el siglo</subfield>
  </datafield>
  <datafield tag="500" ind1=" " ind2=" ">
    <subfield code="a">Glosario de t&#xE9;rminos parlamentarios.</subfield>
  </datafield>
  <datafield tag="500" ind1=" " ind2=" ">
    <subfield code="a">&#xCD;ndice.</subfield>
  </datafield>
  <datafield tag="504" ind1=" " ind2=" ">
    <subfield code="a">Bibliograf&#xED;a: p. [1009]-1014.</subfield>
  </datafield>
  <datafield tag="505" ind1="8" ind2=" ">
    <subfield code="a">Contiene: v. I ; </subfield>
    <subfield code="t">Primera parte: 1874-1908 ; </subfield>
    <subfield code="t">2&#xAA; parte: 1908-1914 ; </subfield>
    <subfield code="t">3&#xAA; parte: 1914-1918 ; </subfield>
    <subfield code="t">4&#xAA; parte: 1919-1939 -- v. II ; </subfield>
    <subfield code="t">Quinta parte: 1939-1945 ; </subfield>
    <subfield code="t">6&#xAA; parte: 1945-1965</subfield>
  </datafield>
  <datafield tag="600" ind1="1" ind2="4">
    <subfield code="a">Churchill, Winston,</subfield>
    <subfield code="c">Sir,</subfield>
    <subfield code="d">1874-1965</subfield>
    <subfield code="9">38708</subfield>
  </datafield>
  <datafield tag="651" ind1=" " ind2="7">
    <subfield code="a">Gran Breta&#xF1;a-</subfield>
    <subfield code="x">Historia-</subfield>
    <subfield code="y">S.XX.</subfield>
    <subfield code="9">8755</subfield>
  </datafield>
  <datafield tag="700" ind1="1" ind2=" ">
    <subfield code="a">Fraga Iribarne, Manuel, </subfield>
    <subfield code="d">1922-2012</subfield>
    <subfield code="9">193721</subfield>
  </datafield>
  <datafield tag="700" ind1="1" ind2=" ">
    <subfield code="a">Camps, Carmen.</subfield>
    <subfield code="9">34310</subfield>
  </datafield>
  <datafield tag="710" ind1="2" ind2=" ">
    <subfield code="a">Diario ABC.</subfield>
    <subfield code="9">1137</subfield>
  </datafield>
  <datafield tag="830" ind1="0" ind2="0">
    <subfield code="a">Biblioteca ABC. Protagonistas del s. XX</subfield>
    <subfield code="v">1, 3. Las biograf&#xED;as que construyeron el siglo</subfield>
    <subfield code="9">192266</subfield>
  </datafield>
  <datafield tag="852" ind1=" " ind2=" ">
    <subfield code="a">ES-MaACL</subfield>
    <subfield code="j">A-13689</subfield>
    <subfield code="9">192226</subfield>
    <subfield code="b">R.150376</subfield>
    <subfield code="c">DEPO1</subfield>
    <subfield code="d">Olim: N-6689</subfield>
    <subfield code="p">Vol. 1</subfield>
    <subfield code="x">enc. cart.</subfield>
  </datafield>
  <datafield tag="852" ind1=" " ind2=" ">
    <subfield code="a">ES-MaACL</subfield>
    <subfield code="j">A-13690</subfield>
    <subfield code="b">R.150376</subfield>
    <subfield code="c">DEPO1</subfield>
    <subfield code="d">Olim: N-6690</subfield>
    <subfield code="p">Vol. 2</subfield>
    <subfield code="x">enc. cart.</subfield>
    <subfield code="9">200887</subfield>
  </datafield>
  <datafield tag="942" ind1=" " ind2=" ">
    <subfield code="2">udc</subfield>
  </datafield>
  <datafield tag="999" ind1=" " ind2=" ">
    <subfield code="c">185206</subfield>
    <subfield code="d">185206</subfield>
  </datafield>
  <datafield tag="952" ind1=" " ind2=" ">
    <subfield code="0">0</subfield>
    <subfield code="1">0</subfield>
    <subfield code="2">udc</subfield>
    <subfield code="4">0</subfield>
    <subfield code="7">0</subfield>
    <subfield code="a">ATENEOM</subfield>
    <subfield code="b">ATENEOM</subfield>
    <subfield code="c">DEPO1</subfield>
    <subfield code="d">2016-04-08</subfield>
    <subfield code="e">DONACION</subfield>
    <subfield code="h">v.1</subfield>
    <subfield code="l">0</subfield>
    <subfield code="o">A-13689</subfield>
    <subfield code="p">1195100</subfield>
    <subfield code="r">2023-02-23 00:00:00</subfield>
    <subfield code="w">2023-02-23</subfield>
    <subfield code="y">MONOGRAFIA</subfield>
  </datafield>
  <datafield tag="952" ind1=" " ind2=" ">
    <subfield code="0">0</subfield>
    <subfield code="1">0</subfield>
    <subfield code="2">udc</subfield>
    <subfield code="4">0</subfield>
    <subfield code="7">0</subfield>
    <subfield code="a">ATENEOM</subfield>
    <subfield code="b">ATENEOM</subfield>
    <subfield code="c">DEPO1</subfield>
    <subfield code="d">2023-11-30</subfield>
    <subfield code="e">DONACION</subfield>
    <subfield code="h">v.2</subfield>
    <subfield code="l">0</subfield>
    <subfield code="o">A-13690</subfield>
    <subfield code="p">101206173</subfield>
    <subfield code="r">2023-11-30 00:00:00</subfield>
    <subfield code="w">2023-11-30</subfield>
    <subfield code="y">MONOGRAFIA</subfield>
  </datafield>
</record>
